| 000 | 00374nam a22001577a 4500 | ||
|---|---|---|---|
| 003 | OSt | ||
| 005 | 20260326145151.0 | ||
| 008 | 260326b |||||||| |||| 00| 0 eng d | ||
| 020 | _a9789393168283 | ||
| 040 | _cIIMTU | ||
| 100 | _aB D Singh | ||
| 245 | _aText Book Of Plant Breeding | ||
| 260 |
_aNew Delhi _bMedtech Science Press _c2023 |
||
| 300 | _a589 | ||
| 942 |
_2ddc _c02 |
||
| 999 |
_c67698 _d67698 |
||